Class and class conflict in industrial society
Enregistré dans:
| Auteur principal: | |
|---|---|
| Format: | Livre |
| Langue: | Undetermined |
| Publié: |
London
Routledge ^ Kegan Paul
1959
|
| Sujets: | |
| Tags: |
Ajouter un tag
Pas de tags, Soyez le premier à ajouter un tag!
|
| Thư viện lưu trữ: | Trung tâm Học liệu Trường Đại học Cần Thơ |
|---|
| LEADER | 00514nam a2200181Ia 4500 | ||
|---|---|---|---|
| 001 | CTU_108838 | ||
| 008 | 210402s9999 xx 000 0 und d | ||
| 082 | |a 301.44 | ||
| 082 | |b D131 | ||
| 100 | |a Dahrendorf, Ralf | ||
| 245 | 0 | |a Class and class conflict in industrial society | |
| 245 | 0 | |c Ralf Dahrendorf | |
| 260 | |a London | ||
| 260 | |b Routledge ^ Kegan Paul | ||
| 260 | |c 1959 | ||
| 650 | |a Social conflict,Industrial relations | ||
| 904 | |i Truc | ||
| 980 | |a Trung tâm Học liệu Trường Đại học Cần Thơ | ||